Gender, Culture and Organizational Change : Putting thoery into practice
Αποθηκεύτηκε σε:
| Άλλοι συγγραφείς: | , |
|---|---|
| Μορφή: | Βιβλίο |
| Γλώσσα: | English |
| Δημοσίευση: |
London :
Routledge,
1995
|
| Θέματα: | |
| Ετικέτες: |
Προσθήκη ετικέτας
Δεν υπάρχουν, Καταχωρήστε ετικέτα πρώτοι!
|
MARC
| LEADER | 00000nam a2200000 i 4500 | ||
|---|---|---|---|
| 001 | 1/61119 | ||
| 008 | 980605s1995 eng d | ||
| 020 | |a 0415111870 | ||
| 035 | |l 10028837 | ||
| 040 | |a GR-MY-UA |b gre |e aacr | ||
| 041 | 0 | |a eng | |
| 082 | 0 | |a 658.3042 | |
| 245 | 1 | 0 | |a Gender, Culture and Organizational Change : |b Putting thoery into practice / |c edited by Catherine Itzin and Janet Newman |
| 260 | |a London : |b Routledge, |c 1995 | ||
| 300 | |a ix, 299 p. | ||
| 504 | |a includes index | ||
| 650 | 0 | 0 | |a Sex role in the work environment. |
| 650 | 0 | 0 | |a Organizational change. |
| 700 | 1 | |a Itzin, Catherine |d 1944- |4 edt | |
| 700 | 1 | |a Newman, Janet. |4 edt | |
| 852 | |a INST |b CHIOS |e 19980605 |h 658.3042 GEN |p 005200016310 |q 005200016310 |t BK |y 0 | ||
| 901 | |a BIBL-1998-2 | ||
| 909 | |a Χ |b 056626 | ||
| 922 | |a 2ΕΛΗ |b 199805 |c ΤΔΕ |d ΠΑΠΑΣΩΤΗΡΙΟΥ | ||